Ľahké betóny na báze recyklovaného penového polystyrénu a polyetylénu

Guardado en:
Detalles Bibliográficos
Autor principal: Csizmazia, Marcel (Autor)
Otros Autores: Unčík, Stanislav (Orientador)
Formato: Manuscrito Libro
Lenguaje:eslovaco
Publicado: 2015
Materias:
Acceso en línea:http://is.stuba.sk/zp/portal_zp.pl?podrobnosti=109352
https://opac.crzp.sk/?fn=detailBiblioForm&sid=E75B5E22D326BA6A9EA593CFFF20
Etiquetas: Agregar Etiqueta
Sin Etiquetas, Sea el primero en etiquetar este registro!

MARC

LEADER 00000ntm a22000003a 4500
001 stuzp51051
003 SK-STU
005 20231012094155.5
007 ta
008 150427s2015----xo-----f-mn---000-0-slo-d
040 |a STU  |b slo 
041 0 |a slo 
100 1 |a Csizmazia, Marcel  |u 010260  |4 aut  |U SvF Stavebná fakulta  |T SvF Katedra materiálového inžinierstva  |X 7177  |U V260  |Y 27  |7 A000007177 
242 0 1 |a Lightweight concrete based on recycled expanded polystyrene and polyethylene  |y eng 
245 1 0 |a Ľahké betóny na báze recyklovaného penového polystyrénu a polyetylénu 
260 |c 2015 
650 4 |a polyetylén  |2 slo 
650 4 |a tepelnoizolačný betón  |2 slo 
650 4 |a použitie recyklátu  |2 slo 
650 4 |a lightweight concrete  |2 eng 
650 4 |a polyethylene  |2 eng 
650 4 |a recycling  |2 eng 
700 1 |a Unčík, Stanislav  |4 ths  |X 2734  |7 A000002734 
856 4 |u http://is.stuba.sk/zp/portal_zp.pl?podrobnosti=109352 
856 4 |u https://opac.crzp.sk/?fn=detailBiblioForm&sid=E75B5E22D326BA6A9EA593CFFF20 
SQL |a stuzp51051  |b DDP  |c SLO  |d Ľahké betóny na báze recyklovaného penového polystyrénu a polyetylénu  |e 7177  |f Csizmazia, Marcel  |g 010260  |h 2734  |i Unčík, Stanislav  |j 20150617  |k 681  |l 01  |m http://is.stuba.sk/zp/portal_zp.pl?podrobnosti=109352  |n I-TS  |o 5.2.8. stavebníctvo